|
|
|
แสดงรายละเอียดบรรณานุกรม |
|
|
Brief Record
: Get Marc (ISO 2709)
: E-mail record
: |
|
|
| LEADER 01174nam 2200277 a 4500 | |||
| 001 10229 | |||
| 003 ULIBM | |||
| 008 030417s2004 caua sb 001 0 eng | |||
| 020 ^a9789744662705 | |||
| 082 ^aอ 327.520593^bศ-อ | |||
| 100 ^aศิริพร วัชชวัสคุ | |||
| 245 ^aเอกสารหลังการประชุมวิชาการระดับชาติเครือข่ายญี่ปุ่น สังคมศาสตร์/^cศิริพร วัชชวัสคุ | |||
| 250 ^aพิมพ์ครั้งที่ 1 | |||
| 260 ^aกรุงเทพฯ:^bม.ธรรมศาสตร์,^c2550 | |||
| 300 ^a187 | |||
| 650 ^aญี่ปุ่น-ความสัมพันธ์กับต่างประเทศ | |||
| 913 ^aImported by ULIBM Administrator | |||
| 949 ^aImport form external file by ULIBM system | |||
| คุณยังไม่ได้ล็อกอิน คุณสามารถมีกิจกรรมร่วมกับเว็บไซต์ได้ แต่ต้องล็อกอินก่อน :: |
|
| สถานะ | |||||||||
| 1. | หนังสือ สถานะ=ใช้ในห้องสมุดเท่านั้น | อ 327.520593 ศ-อ 2004 Barcode: 074063 | ►หนังสืออ้างอิง | On Shelf | |||||
| [แสดง 1/1 รายการ] | |||||||||

| รายการใกล้เคียง ผู้แต่ง [ศิริพร วัชชวัสคุ] หัวเรื่อง [ญี่ปุ่น-ความสัมพันธ์กับต่างประเทศ] |
BibComment |
| คอมเมนท์ทรัพยากรรายการนี้ |
|
|
ห้องสมุดโรงเรียนสามัคคีวิทยาคม
159 ถ.บรรพปราการ ต.เวียง อ.เมือง จ.เชียงราย 57000
โทร. 053-711018 โทรสาร 053-713003